The vignettes in the Book of the Dead of Neferrenpet /

محفوظ في:

المؤلف الرئيسي: Milde, Hellmuth (مؤلف)

التنسيق: كتاب

اللغة: English

منشور في: Leiden : Nederlands Instituut voor het Nabije Oosten, c1991.

سلاسل: Egyptologische uitgaven ; 7.
EgUit ; 7.

الموضوعات:

الوسوم: إضافة وسم

لا توجد وسوم, كن أول من يضع وسما على هذه التسجيلة!

رقم الطلب: DT57 .U35 v.7

LEADER 01054namaa2200313 4500
001 2087
003 OSt
005 20260422133554.0
008 130303s1991 ne af b 001 0 eng d
020 |a 9062582079 
035 |a (OCoLC)24777227 
035 |a 1383459 
040 |c ARCE Library 
050 4 |a DT57 .U35 v.7 
100 1 |a Milde, Hellmuth,  |e author  |9 35982 
245 1 4 |a The vignettes in the Book of the Dead of Neferrenpet /  |c by H. Milde. 
264 1 |a Leiden :  |b Nederlands Instituut voor het Nabije Oosten,  |c c1991. 
300 |a viii, 284 pages, 48 pages of plates :  |b illustrations ;  |c 27 cm. 
490 1 |a Egyptologische uitgaven ;   |v 7. 
490 1 |a EgUit ;   |v 7. 
500 |a Revision of the author's thesis (doctoral)--University of Amsterdam, 1988. 
504 |a Includes bibliographical references (p. 245-260) and indexes. 
630 0 0 |a Book of the dead. 
630 0 0 |a Book of the Dead  |x Illustrations. 
830 0 |a Egyptologische uitgaven ;   |v 7. 
830 0 |a EgUit ;   |v 7. 
901 |a reviewed 
942 |c BK  |2 lcc 
999 |c 5942  |d 5942